[Event "Kurgan op"]
[Site "Kurgan"]
[Date "2010.03.24"]
[Round "5"]
[White "Korjakin, Artem"]
[Black "Obodchuk, Andrei"]
[Result "0-1"]
[WhiteElo "2227"]
[BlackElo "2403"]
[PlyCount "60"]
[EventDate "2010.03.20"]
[EventType "swiss"]
[EventRounds "9"]
[EventCountry "RUS"]
[SourceTitle "CBM 135 Extra"]
[Source "ChessBase"]
[SourceDate "2010.05.04"]
[SourceVersion "1"]
[SourceVersionDate "2010.05.04"]
[SourceQuality "1"]

1. e4 c5 2. Nf3 d6 3. d4 cxd4 4. Nxd4 Nf6 5. Nc3 a6 6. f3 e6 7. Be3 b5 8. Qd2 Nbd7 9. 0-0-0 Bb7 10. g4 h6 11. Bd3 Ne5 12. h4 b4 13. Nce2 d5 14. exd5 Nxd5 15. g5 g6 16. Rhe1 Qa5 17. Kb1 0-0-0 18. Bg1 hxg5 19. hxg5 Be7 20. Nb3 Qc7 21. Ned4 Bd6 22. Be4 Nc4 23. Qg2 Bg3 24. Re2 Nf4 25. Bxb7+ Kxb7 26. Qf1 Nxe2 27. Qxe2 Rd5 28. c3 bxc3 29. bxc3 Rc8 30. Nc2 Qe5 0-1

[Event "Arctic Cup 3rd"]
[Site "Salekhard"]
[Date "2007.10.15"]
[Round "8"]
[White "Korjakin, Artem"]
[Black "Hrabusa, Matej"]
[Result "0-1"]
[WhiteElo "2196"]
[BlackElo "2304"]
[PlyCount "106"]
[EventDate "2007.10.08"]
[EventType "team"]
[EventRounds "11"]
[EventCountry "RUS"]
[SourceTitle "CBM 120 Extra"]
[Source "ChessBase"]
[SourceDate "2007.11.01"]
[SourceVersion "1"]
[SourceVersionDate "2007.11.01"]
[SourceQuality "1"]

1. e4 c5 2. Nf3 d6 3. d4 cxd4 4. Nxd4 Nf6 5. Nc3 a6 6. Be3 e5 7. Nb3 Be6 8. f3 b5 9. Qd2 Nbd7 10. g4 Be7 11. 0-0-0 0-0 12. Kb1 b4 13. Nd5 Bxd5 14. exd5 a5 15. h4 Nb6 16. Bxb6 Qxb6 17. g5 Nh5 18. Bh3 Nf4 19. Nc1 a4 20. Ne2 Nxh3 21. Rxh3 Rfc8 22. f4 exf4 23. Nd4 Rc4 24. Qxf4 Qc5 25. Qe4 Rc8 26. b3 axb3 27. axb3 Rc3 28. Nc6 Bf8 29. Rh2 g6 30. h5 Re3 31. Qd4 Qxd4 32. Nxd4 Bg7 33. h6 Be5 34. Rh4 Ra8 35. Kc1 Rg3 36. Ne2 Rg2 37. Kd2 Re8 38. Rxb4 Rxe2+ 39. Kxe2 Bc3+ 40. Kd3 Bxb4 41. c3 Ba5 42. Ra1 Bd8 43. b4 Bxg5 44. c4 Rd8 45. Ke4 f5+ 46. Kf3 Bxh6 47. b5 Rb8 48. Ra6 f4 49. Ke4 Re8+ 50. Kf3 Re3+ 51. Kf2 Bg5 52. b6 Bh4+ 53. Kg1 Rb3 0-1

[Event "Arctic Cup 3rd"]
[Site "Salekhard"]
[Date "2007.10.08"]
[Round "1"]
[White "Chenchik, Andrey"]
[Black "Korjakin, Artem"]
[Result "1/2-1/2"]
[WhiteElo "2097"]
[BlackElo "2196"]
[PlyCount "75"]
[EventDate "2007.10.08"]
[EventType "team"]
[EventRounds "11"]
[EventCountry "RUS"]
[SourceTitle "CBM 120 Extra"]
[Source "ChessBase"]
[SourceDate "2007.11.01"]
[SourceVersion "1"]
[SourceVersionDate "2007.11.01"]
[SourceQuality "1"]

1. d4 Nf6 2. Nf3 e6 3. Bg5 h6 4. Bh4 b6 5. e3 Bb7 6. Nbd2 c5 7. Bd3 Be7 8. c3 d6 9. Qe2 Nbd7 10. 0-0 0-0 11. Rfd1 Nd5 12. Bxe7 Qxe7 13. Rac1 Rad8 14. c4 N5f6 15. e4 cxd4 16. Nxd4 Rfe8 17. Bb1 Ne5 18. f4 Ng6 19. Rf1 a6 20. Rce1 Qc7 21. Nc2 d5 22. e5 Ne4 23. Nxe4 dxe4 24. Ne3 Rd4 25. Qf2 Red8 26. Qg3 Ne7 27. f5 Nxf5 28. Rxf5 exf5 29. Nxf5 g6 30. Nxd4 Rxd4 31. Bc2 Qd7 32. Bb3 Rd3 33. Qf4 Qf5 34. Qxf5 gxf5 35. Rd1 Rxd1+ 36. Bxd1 f6 37. exf6 Kf7 38. g3 1/2-1/2

[Event "RUS-ch sf Urals 60th"]
[Site "Nizhnij Tagil"]
[Date "2007.03.21"]
[Round "8"]
[White "Korjakin, Artem"]
[Black "Pogromsky, Mikhail"]
[Result "0-1"]
[WhiteElo "2150"]
[BlackElo "2384"]
[PlyCount "136"]
[EventDate "2007.03.14"]
[EventType "swiss"]
[EventRounds "9"]
[EventCountry "RUS"]
[SourceTitle "CBM 117 Extra"]
[Source "ChessBase"]
[SourceDate "2007.05.09"]
[SourceVersion "1"]
[SourceVersionDate "2007.05.09"]
[SourceQuality "1"]

1. e4 Nc6 2. Nc3 d6 3. d4 Nf6 4. d5 Nb8 5. f4 c6 6. Nf3 cxd5 7. e5 Ne4 8. Nxd5 e6 9. Ne3 Nc6 10. Bd3 Nc5 11. 0-0 dxe5 12. fxe5 Nxd3 13. cxd3 Be7 14. d4 0-0 15. d5 exd5 16. Nxd5 Bc5+ 17. Be3 Bxe3+ 18. Nxe3 Qb6 19. Qb3 Qxb3 20. axb3 Be6 21. Nc4 Rfd8 22. Rfd1 h6 23. Rd6 Kf8 24. Rad1 Ke7 25. Nd4 Nxd4 26. R1xd4 Rdc8 27. Na5 Rc1+ 28. Kf2 Rc2+ 29. Rd2 Rc7 30. Ke3 Rac8 31. R2d4 b6 32. Nc4 Rc5 33. Ke4 R8c7 34. Ne3 Rc1 35. b4 Rb1 36. Rd2 Rcc1 37. h3 Ra1 38. R6d3 Ra4 39. Rd4 g6 40. R2d3 Raa1 41. Ra3 Rxa3 42. bxa3 Rc3 43. Rd3 Bf5+ 44. Nxf5+ gxf5+ 45. Kd4 Rxd3+ 46. Kxd3 Ke6 47. Kd4 b5 48. g3 h5 49. h4 a6 50. Kc5 Kxe5 51. Kb6 Ke4 52. Kxa6 Kf3 53. Kxb5 Kxg3 54. Kc5 f4 55. b5 f3 56. b6 f2 57. b7 f1Q 58. b8Q+ Kxh4 59. Qh2+ Kg4 60. a4 h4 61. a5 h3 62. Qb2 Qf5+ 63. Kb6 Kg3 64. a6 h2 65. Qc3+ Kg2 66. Qc6+ Kg1 67. a7 Qf2+ 68. Ka6 Qa2+ 0-1

[Event "Vitebsk op"]
[Site "Vitebsk"]
[Date "2006.12.12"]
[Round "5"]
[White "Sedov, Anton"]
[Black "Korjakin, Artem"]
[Result "0-1"]
[WhiteElo "2123"]
[BlackElo "2150"]
[PlyCount "122"]
[EventDate "2006.12.09"]
[EventType "swiss"]
[EventRounds "9"]
[EventCountry "RUS"]
[SourceTitle "EXT 2008"]
[Source "ChessBase"]
[SourceDate "2007.11.25"]
[SourceVersion "1"]
[SourceVersionDate "2007.11.25"]
[SourceQuality "1"]

1. e4 e5 2. Nf3 Nc6 3. Bc4 Bc5 4. 0-0 Nf6 5. d3 d6 6. c3 0-0 7. Bg5 Be6 8. Bxe6 fxe6 9. Qb3 Qd7 10. Nbd2 h6 11. Be3 Bb6 12. Nc4 Ng4 13. Nxb6 axb6 14. Bd2 Qf7 15. h3 Nf6 16. Rad1 Rae8 17. Qc2 Qg6 18. Kh1 Nh5 19. Bc1 Rf7 20. Qe2 Nf4 21. Bxf4 Rxf4 22. Qe3 Ref8 23. Ng1 Qf7 24. f3 Ne7 25. Rd2 Ng6 26. Rdf2 Rf6 27. g3 Qd7 28. h4 d5 29. exd5 exd5 30. Kg2 Qd6 31. Re2 Re6 32. f4 Rf5 33. d4 e4 34. Nh3 Re8 35. Kg1 Rf7 36. Ref2 Ne7 37. g4 c5 38. h5 cxd4 39. cxd4 Rc8 40. f5 Qf6 41. Rd2 Qh4 42. Rg2 Rc4 43. Nf4 Qf6 44. Ne6 Nc6 45. Rd1 Nd8 46. Nf4 Rd7 47. b3 Rc6 48. Ng6 Nf7 49. Qf4 Rd8 50. Ne5 Ng5 51. Kh2 Rc3 52. Rc1 Rxc1 53. Qxc1 Nf3+ 54. Nxf3 exf3 55. Rf2 Qh4+ 56. Kg1 Qxg4+ 57. Kf1 Qxh5 58. Kg1 Qxf5 59. Qe3 Qg4+ 60. Kh2 Rf8 61. Qe5 Rf5 0-1